[Event "Jatai Goiana zt"]
[Site "Jatai"]
[Date "2020.11.21"]
[Round "3"]
[White "Ferraz, Michel Liah"]
[Black "Costa, Charles Vinicius"]
[Result "1-0"]
[WhiteElo "1857"]
[BlackElo "1734"]
[PlyCount "41"]
[EventDate "2020.11.20"]
[EventType "swiss"]
[EventRounds "5"]
[EventCountry "BRA"]
[SourceTitle "CBM 199 Extra"]
[Source "ChessBase"]
[SourceDate "2021.01.31"]
[SourceVersion "1"]
[SourceVersionDate "2021.01.31"]
[SourceQuality "1"]

1. d4 d5 2. c4 c6 3. cxd5 cxd5 4. Nc3 Nf6 5. Nf3 e6 6. Bg5 Be7 7. e3 b6 8. Bb5+ Bd7 9. Bd3 Nc6 10. 0-0 0-0 11. Rc1 Ne8 12. Bxe7 Qxe7 13. Qe2 Nd6 14. Rfd1 f5 15. g3 Nb4 16. Bb1 Rac8 17. a3 Nc6 18. Ba2 Nd8 19. Ne5 N6f7 20. Qh5 Rc7 21. Nxd5 1-0

[Event "Jatai Goiana zt"]
[Site "Jatai"]
[Date "2020.11.20"]
[Round "1"]
[White "Giordani, Joao Guilherme"]
[Black "Costa, Charles Vinicius"]
[Result "0-1"]
[WhiteElo "1768"]
[BlackElo "1734"]
[PlyCount "49"]
[EventDate "2020.11.20"]
[EventType "swiss"]
[EventRounds "5"]
[EventCountry "BRA"]
[SourceTitle "CBM 199 Extra"]
[Source "ChessBase"]
[SourceDate "2021.01.31"]
[SourceVersion "1"]
[SourceVersionDate "2021.01.31"]
[SourceQuality "1"]

1. e4 c6 2. Nc3 d5 3. d3 Nd7 4. Nf3 Nb6 5. Be3 Bg4 6. h3 Bxf3 7. Qxf3 d4 8. Nd1 dxe3 9. Nxe3 e6 10. Be2 Nf6 11. a3 g6 12. 0-0 Bg7 13. c3 0-0 14. Rad1 Qc7 15. d4 Rad8 16. e5 Nfd7 17. Ng4 Nd5 18. c4 Ne7 19. Nf6+ Kh8 20. c5 Nd5 21. b4 N7xf6 22. g4 Ng8 23. g5 Nge7 24. Qf4 Nxf4 25. Rfe1 0-1

[Event "Jatai Kativa IRT"]
[Site "Jatai"]
[Date "2012.05.01"]
[Round "9"]
[White "Teixeira, Fabiano Lima"]
[Black "Costa, Charles Vinicius"]
[Result "1/2-1/2"]
[WhiteElo "1810"]
[BlackElo "1800"]
[PlyCount "21"]
[EventDate "2012.04.28"]
[EventType "tourn"]
[EventRounds "9"]
[EventCountry "BRA"]
[SourceTitle "CBM 148 Extra"]
[Source "ChessBase"]
[SourceDate "2012.06.22"]
[SourceVersion "1"]
[SourceVersionDate "2012.06.22"]
[SourceQuality "1"]

1. d4 d5 2. c4 Nf6 3. Nc3 e6 4. Bf4 Bd6 5. Bg5 c6 6. Nf3 Nbd7 7. e3 0-0 8. cxd5 exd5 9. Bd3 Re8 10. 0-0 h6 11. Bh4 1/2-1/2

[Event "Jatai Kativa IRT"]
[Site "Jatai"]
[Date "2012.04.28"]
[Round "1"]
[White "Costa, Charles Vinicius"]
[Black "De Oliveira, Aquiles Machado"]
[Result "1/2-1/2"]
[WhiteElo "1800"]
[BlackElo "2096"]
[PlyCount "73"]
[EventDate "2012.04.28"]
[EventType "tourn"]
[EventRounds "9"]
[EventCountry "BRA"]
[SourceTitle "CBM 148 Extra"]
[Source "ChessBase"]
[SourceDate "2012.06.22"]
[SourceVersion "1"]
[SourceVersionDate "2012.06.22"]
[SourceQuality "1"]

1. e4 c5 2. Nc3 Nc6 3. g3 g6 4. Bg2 Bg7 5. f4 e6 6. d3 Nge7 7. Nf3 0-0 8. 0-0 a6 9. Be3 Nd4 10. Qd2 d5 11. Nd1 dxe4 12. dxe4 Nxf3+ 13. Bxf3 Qxd2 14. Bxd2 e5 15. Bc3 Nc6 16. Ne3 exf4 17. Bxg7 Kxg7 18. gxf4 Nd4 19. Kg2 b5 20. c3 Nxf3 21. Kxf3 Bb7 22. Ng4 f5 23. Nf2 fxe4+ 24. Ke3 Rf7 25. Ng4 Rd7 26. Rad1 Rad8 27. Rxd7+ Rxd7 28. Ne5 Rd5 29. Rg1 c4 30. h4 Kf8 31. Rh1 Ke7 32. Rg1 Kf6 33. Ng4+ Ke6 34. Ne5 Rd8 35. h5 gxh5 36. Rg7 Bc8 37. Rxh7 1/2-1/2

[Event "Jatai Kativa IRT"]
[Site "Jatai"]
[Date "2012.04.28"]
[Round "2"]
[White "Rezende, Guilherme Vilela"]
[Black "Costa, Charles Vinicius"]
[Result "1-0"]
[WhiteElo "2039"]
[BlackElo "1800"]
[PlyCount "129"]
[EventDate "2012.04.28"]
[EventType "tourn"]
[EventRounds "9"]
[EventCountry "BRA"]
[SourceTitle "CBM 148 Extra"]
[Source "ChessBase"]
[SourceDate "2012.06.22"]
[SourceVersion "1"]
[SourceVersionDate "2012.06.22"]
[SourceQuality "1"]

1. d4 Nf6 2. c4 c5 3. d5 b5 4. Nf3 g6 5. Qc2 d6 6. e4 Qc7 7. cxb5 Bg7 8. Nc3 Nbd7 9. a4 a6 10. Be2 0-0 11. h3 Bb7 12. 0-0 Rfb8 13. Rd1 axb5 14. Nxb5 Qd8 15. Bf4 Ne8 16. Bg5 Ba6 17. Rab1 h6 18. Bh4 g5 19. Bg3 Nc7 20. Nxc7 Qxc7 21. Bxa6 Rxa6 22. Nd4 Bxd4 23. Rxd4 Qa5 24. Rd3 Qxa4 25. b3 Qxe4 26. f3 Qf5 27. Re1 Qf6 28. Qe2 Ra1 29. Kh2 Rxe1 30. Qxe1 h5 31. h4 gxh4 32. Bxh4 Qe5+ 33. Qxe5 Nxe5 34. Re3 f6 35. Kh3 Rb4 36. Bg3 Rd4 37. Bxe5 fxe5 38. Re4 Rxd5 39. Kh4 Rd4 40. Kxh5 Kf7 41. Re3 Kf6 42. g4 Rd1 43. Kh4 Rh1+ 44. Kg3 Kg5 45. b4 cxb4 46. Rb3 Rd1 47. Rxb4 Rd4 48. Rb7 Kf6 49. Rb8 Kf7 50. Rh8 e4 51. f4 Rd3+ 52. Kh4 e3 53. Kg3 d5 54. Rh7+ Ke8 55. g5 Rd1 56. Kf3 d4 57. Rh2 Rf1+ 58. Ke4 Rf2 59. Rh8+ Kd7 60. Rh1 Rd2 61. g6 Ke6 62. f5+ Kf6 63. Rh7 e2 64. Kf4 e1Q 65. Rf7# 1-0